000 00378nam a22001457a 4500
003 MACL
005 20200717122521.0
008 200717b xxu||||| |||| 00| 0 eng d
040 _cMACL
100 _ayadav,O.P.
_979040
245 _aCareer and Occupations in Travel and Tourism
260 _aDelhi
_bAradhana Publication
_c2018
650 _aEducation
_979041
942 _2ddc
_cBK
999 _c62686
_d62686